Statistics for Minecraft Creative Inventory: Spawn Eggs

Click here to take the quiz!

General Stats

  • This quiz has been taken 67 times
  • The average score is 59 of 76

Answer Stats

Answer% Correct
Cow Spawn Egg
100%
Pig Spawn Egg
100%
Chicken Spawn Egg
95%
Cat Spawn Egg
90%
Cod Spawn Egg
90%
Creeper Spawn Egg
90%
Piglin Spawn Egg
90%
Salmon Spawn Egg
90%
Villager Spawn Egg
90%
Wolf Spawn Egg
90%
Zombie Spawn Egg
90%
Zombified Piglin Spawn Egg
90%
Axolotl Spawn Egg
86%
Blaze Spawn Egg
86%
Dolphin Spawn Egg
86%
Elder Guardian Spawn Egg
86%
Enderman Spawn Egg
86%
Guardian Spawn Egg
86%
Horse Spawn Egg
86%
Husk Spawn Egg
86%
Llama Spawn Egg
86%
Mooshroom Spawn Egg
86%
Ocelot Spawn Egg
86%
Parrot Spawn Egg
86%
Sheep Spawn Egg
86%
Skeleton Spawn Egg
86%
Turtle Spawn Egg
86%
Vindicator Spawn Egg
86%
Zombie Villager Spawn Egg
86%
Bee Spawn Egg
81%
Drowned Spawn Egg
81%
Endermite Spawn Egg
81%
Ghast Spawn Egg
81%
Pufferfish Spawn Egg
81%
Silverfish Spawn Egg
81%
Spider Spawn Egg
81%
Tropical Fish Spawn Egg
81%
Vex Spawn Egg
81%
Wither Skeleton Spawn Egg
81%
Donkey Spawn Egg
76%
Hoglin Spawn Egg
76%
Magma Cube Spawn Egg
76%
Pillager Spawn Egg
76%
Polar Bear Spawn Egg
76%
Rabbit Spawn Egg
76%
Slime Spawn Egg
76%
Warden Spawn Egg
76%
Witch Spawn Egg
76%
Zombie Horse Spawn Egg
76%
Allay Spawn Egg
71%
Bat Spawn Egg
71%
Cave Spider Spawn Egg
71%
Evoker Spawn Egg
71%
Fox Spawn Egg
71%
Mule Spawn Egg
71%
Phantom Spawn Egg
71%
Ravager Spawn Egg
71%
Shulker Spawn Egg
71%
Skeleton Horse Spawn Egg
71%
Squid Spawn Egg
71%
Stray Spawn Egg
71%
Strider Spawn Egg
71%
Wandering Trader Spawn Egg
71%
Zoglin Spawn Egg
71%
Glow Squid Spawn Egg
67%
Goat Spawn Egg
67%
Iron Golem Spawn Egg
67%
Panda Spawn Egg
67%
Piglin Brute Spawn Egg
67%
Sniffer Spawn Egg
67%
Snow Golem Spawn Egg
67%
Frog Spawn Egg
62%
Trader Llama Spawn Egg
52%
Camel Spawn Egg
43%
Tadpole Spawn Egg
38%
Monster Spawner
19%

Score Distribution

Percentile by Number Answered

Percent of People with Each Score

Your Score History

You have not taken this quiz